4-Letter Baby Girl Names (1992) Quiz Stats

 Plays Quiz Updated Apr 5, 2018

Score 0/90 Timer 15:00
3 Plays Today
First Letter Name % Correct
MMary
90.7%
SSara
87%
AAnna
84.6%
EEmma
81.8%
AAnne
79.8%
JJane
79.6%
EElla
78.1%
KKate
77.3%
LLisa
75.1%
K/CKara
72.1%
TTara
71.7%
TTina
71.3%
RRose
64.8%
LLily
64.5%
GGina
64.1%
DDana
64%
JJoan
62.3%
LLara
62.1%
EErin
59.8%
NNina
59.4%
NNora
58.6%
LLeah
57.3%
JJean
57%
BBeth
56.9%
RRuth
55.9%
LLucy
55.5%
DDina
55%
LLena
54.8%
JJade
54.4%
JJill
54.3%
First Letter Name % Correct
DDora
53.3%
AAbby
51.8%
LLana
51.7%
LLori
50.5%
RRita
50.5%
MMara
50%
CCora
49.3%
RRosa
49.1%
RRuby
47.8%
KKaty
46.4%
IIris
45.7%
JJudy
45.3%
TTori
44.4%
MMaya
43.8%
TToni
43.4%
JJana
39.6%
HHope
39.5%
EElsa
39.4%
KKira
39.2%
LLora
39.1%
LLynn
38.2%
JJada
37.5%
AAlex
36.7%
AAmie
36.6%
KKari
36.3%
DDara
35.8%
DDawn
35.6%
JJena
34.8%
TTess
34.6%
LLiza
33.6%
First Letter Name % Correct
LLacy
32.2%
AAlma
31.6%
KKyla
30.1%
JJodi
29.4%
MMacy
27.1%
MMyra
26.8%
BBree
26.7%
BBria
25.7%
OOlga
23.9%
K/CKori
22.9%
RRyan
21.6%
AAsia
21.4%
EEden
20.9%
KKali
20%
IIrma
18.5%
JJami
17.8%
AAyla
15.6%
NNoel
15.5%
SShea
14.5%
SSkye
14.3%
AAsha
14.3%
KKala
14.2%
KKaci
13.5%
CCody
13.4%
DDemi
12.8%
HHali
12.4%
SSade
10.4%
FFlor
10.3%
BBaby
9.9%
DDeja
4.8%

You're not logged in!

Compare scores with friends on all Sporcle quizzes.
OR
Log In

You Might Also Like...

Show Comments

Extras

Top Quizzes Today


Score Distribution

Your Account Isn't Verified!

In order to create a playlist on Sporcle, you need to verify the email address you used during registration. Go to your Sporcle Settings to finish the process.

Report this User

Report this user for behavior that violates our Community Guidelines.

Details: